| 000 | 00427cam a2200169ua 4500 | ||
|---|---|---|---|
| 001 | 5197 | ||
| 008 | 120816n ii |||gr||||Z||||||eng | ||
| 040 | _cMAIN | ||
| 082 | _a418 | ||
| 100 |
_aMcmordie, W., _eAuthor, |
||
| 245 | 1 | 1 |
_aEnglish idioms _cby W. Mcmordie |
| 250 | _a6th. | ||
| 260 |
_aMadras: _bOxford university press, _c1966. |
||
| 300 |
_a350p: _c15cm. |
||
| 653 | _aStandard usage & applied linguistics | ||
| 942 | _cBK | ||
| 999 |
_c4379 _d4379 |
||